Unregelmäßige Pluralformen Quiz - Statistiken

Allgemein
  • Dieses Quiz wurde 22.838 mal gespielt
    21.649 seit der letzten Aktualisierung
  • Das Durchschnittsergebnis liegt bei 19 aus 24
Antwortstatistiken
Singular Plural % Korrekt
Haus Häuser
99%
Album Alben
98%
Gürtel Gürtel
96%
Kaktus Kakteen
96%
Museum Museen
96%
Vogel Vögel
96%
Antibiotikum Antibiotika
95%
Lexikon Lexika
94%
Quiz Quiz
94%
Stadion Stadien
94%
Volumen Volumina
90%
Reptil Reptilien
87%
Rhythmus Rhythmen
86%
Visum Visa
81%
Status Status
78%
Oktopus Oktopoden
77%
Mafioso Mafiosi
75%
Pharao Pharaonen
74%
Klima Klimata
67%
Sphinx Sphingen
64%
Heros Heroen
38%
Causa Causae
35%
Konsul Konsuln
21%
Zimmermann Zimmerleute
21%
Keine übereinstimmenden Quizze gefunden
Verteilung der Resultate
Anzahl Personen mit jedem Resultat
Perzentil nach korrekt beantworteten Fragen
Ihre Resultats-Entwicklung
Sie haben dieses Quiz seit der letzten Aktualisierung nicht gespielt